000
00338nam a22001577a 4500
003
SGT
020
_a
978-1-03-238160-2
082
_a
632
_b
BAN
100
_a
BANKS, ERIK
245
_a
FINANCE THE BASICS
250
_a
4TH
260
_a
INDIA
_b
ROUTLEDGE PUB
_c
2023
300
_a
357
650
_a
FINANCE MANAGEMENT
942
_2
ddc
_c
BK
999
_c
29526
_d
29526